| 000 | 00731nam a22002177a 4500 | ||
|---|---|---|---|
| 999 |
_c10771 _d10771 |
||
| 003 | AR-CdUCM | ||
| 008 | 190401b ||||| |||| 00| 0 spa d | ||
| 040 |
_aMUNICIPALIDAD PROVINCIAL DEL CUSCO _cBIBLIOTECA MUNICIPAL DEL CUSCO |
||
| 082 |
_a869.56 / _bM843C |
||
| 100 |
_aMoreno Jimeno, Manuel _915054 |
||
| 245 | _aLas Citas (Antología) / | ||
| 260 |
_aLima : _bP.L. Villanueva, _c1960. |
||
| 300 |
_a100 páginas ; _c21 cm. |
||
| 500 | _aDonación de la familia Nieto. Dedicatoria a Luis Nieto. | ||
| 505 | _aContenido: ASJ bajaron los perros -- Los malditos -- La Noche ciega ... | ||
| 650 |
_aPoema Peruano _927473 |
||
| 650 |
_aLiteratura peruana _9169 |
||
| 650 |
_aSiglo XX _98 |
||
| 942 |
_2ddc _cLIBROS |
||
| 945 | _acmm | ||